000 00327nam a2200109Ia 4500
008 160609s9999 xx 000 0 und d
245 _aDigital photography for beginners
245 _cBy:Learn2succeed.com Incorporated
260 _c2012
650 _xDIGITAL PHOTOGRAPHY
856 _uhttp://file.ebook777.com/011/B013K12XYG.pdf
999 _c295746
_d295746